000 00279nam a2200133Ia 4500
100 _aPadaria
942 _cBK
654 _aSignal analysis
245 _aSignal & Systems analysis
260 _bTechnova
_c1996
082 _a621.3822
_bPAD/KU
546 _aENGLISH
999 _c26951
_d26951